000 01630cam a22004334i 4500
003 PE-LiUPU
005 20250731172925.0
008 170508s ncu r 0n0 0 eng d
035 _a(Sirsi) a203931
040 _aPE-LiUPU
_bspa
_cPE-LiUPU
_erda
049 _aPRUA
082 0 4 _a230.42
_bT46
_220
245 1 4 _aThe five points of Calvinism in series of letters /
_cHoratius Bonar, Andrew Fuller, John Calvin, John Gill, Thomas Goodwin [and] Jonathan Edwards.
264 1 _aWilmington, Del. :
_b Classic-a-month books,
_c [196-?]
300 _a177 páginas ;
_c19 centimetros.
336 _atext
_2rdacontent
337 _aunmediated
_2rdamedia
338 _avolume
_2rdacarrier
490 0 _aPuritan classics in paperback ;
_v PB 5
505 0 _aLos cinco puntos del Calvinismo en serie de letras.
526 _aSEG42
526 _aSEG41
526 _aSEG40
526 _aSEG39
526 _aP94
526 _aP87
526 _aP86
526 _aP85
526 _aP77
526 _aP76
526 _aP35
650 1 4 _aCalvinismo.
910 _ajck
_bjvq
_cjck
_d20170508.
942 _2ddc
_cBOOK
949 _a230.42 T46
_wDEWEY
_c1
_i75854
_lCATALOGING
_mBUL
_p12.00
_r0
_sY
_tBOOK
_u2017-05-03
_xTEOLOGIA
_zPOSGRADO TEOLOGÍA
_0COMPRA
_o.CIRCNOTE. El documento es de alto precio.
_o.STAFF. Colección Teología
596 _a1
999 _a230.42 T46
_wLC
_c20311
_i75854
_d20311
_f2021-11-9
_g4
_lCCODEBUL1
_mBUL
_p12.00
_q1
_r0
_sY
_tBOOK
_u2017-5-8
_xTEOLOGIA
_PP85
_0COMPRA
_o.STAFF. Colección Teología
980 _81
_gALBERTO SANCHEZ Responsable de Automatización